Theatre is not safe : theatre criticism, 1962-1986 /

Bibliographic Details
Main Author: Rogoff, Gordon, 1931-
Format: Book
Language:English
Published: Evanston, Ill. : Northwestern University Press, [1987]
Subjects:

MARC

Tag First Indicator Second Indicator Subfields
LEADER 00000cam a2200000 a 4500
001 in00000020164
005 20151007053835.0
008 870305s1987 ilu 00110 eng
010 |a  87007646  
020 |a 0810107503 :  |c $30.95 
020 |a 0810107511 (pbk.) :  |c $12.95 
035 |a (OCoLC)15366023 
035 |9 AAB3000AM 
040 |a DLC  |c DLC  |d TXA  |d UtOrBLW 
049 |a TXAM  |c [A11468307] 
050 0 0 |a PN1707  |b .R57 1987 
082 0 |a 792.9/5  |2 19 
100 1 |a Rogoff, Gordon,  |d 1931- 
245 1 0 |a Theatre is not safe :  |b theatre criticism, 1962-1986 /  |c Gordon Rogoff. 
264 1 |a Evanston, Ill. :  |b Northwestern University Press,  |c [1987] 
264 4 |c ©1987 
300 |a xiii, 296 pages ;  |c 24 cm. 
336 |a text  |b txt  |2 rdacontent 
337 |a unmediated  |b n  |2 rdamedia 
338 |a volume  |b nc  |2 rdacarrier 
500 |a Includes index. 
650 0 |a Theater  |v Reviews. 
650 0 |a Theater. 
650 0 |a Drama. 
999 |a MARS 
999 f f |s 42452969-0bc5-377e-a0ea-86b5d494357a  |i b557444c-5124-3b7c-9cd8-76be78c0bddd  |t 0 
952 f f |p ric  |a Texas A&M University  |b Rellis Campus  |c Joint Library Facility  |d Remote Storage  |t 0  |e PN1707 .R57 1987  |h Library of Congress classification  |i unmediated -- volume  |m A14811468307 
998 f f |a PN1707 .R57 1987  |t 0  |l Remote Storage